Word Ladder: Boxing Advice Quiz Stats

 Plays Quiz Updated Oct 19, 2016

Challenge
Share
Tweet
Embed
Score 0/30 Timer 03:00
0 Plays Today
Clue Word % Correct
★ Contraction of do not ★★DON'T★
95.9%
Underground portion of a plant ROOT
94.9%
A third of a yardFOOT
94.3%
Bowl for baptismal waterFONT
87.5%
A street or highwayROAD
87.3%
Rain heavilyPOUR
83.7%
A place to go swimmingPOOL
83.7%
Without money or possessionsPOOR
82.7%
Small piece of metal moneyCOIN
79.8%
Between warm and coldCOOL
79.5%
Representation of Jesus' crossROOD
76.5%
Series of rings, or spiralsCOIL
74.3%
★ Accompanied by ★★WITH★
73.6%
Weigh down or burdenLOAD
72.3%
★ Metallic element ★★LEAD★
71.7%
Clue Word % Correct
Furniture designed for sitting onSEAT
71%
Drop of perspirationBEAD
65.7%
Darth Maul for instanceSITH
64.7%
★ Protruding part of the jaw ★★CHIN★
63.3%
Regular rate of repetitionBEAT
61.4%
The third son of Adam and EveSETH
58.9%
Gospel and R&B music genre SOUL
50.2%
Place where a badger livesSETT
47.9%
★ Belonging to or associated with ★★YOUR★
43.8%
A ceremonial actRITE
42.7%
Repetitive learningROTE
39%
Lemony Snicket movie acronymSOUE
37.3%
To reproach or blameWITE
30%
Olden-day-term to yellYOUL
28.9%
Dissolute manROUE
20.2%

Today's Daily Dose

Missing Word
Entertainment 'M'

Word Ladder
North Carolina

On This Day
January 16th II

You're not logged in!

Compare scores with friends on all Sporcle quizzes.
OR
Log In

You Might Also Like...

Show Comments

Extras

Top Quizzes Today


Score Distribution

Your Account Isn't Verified!

In order to create a playlist on Sporcle, you need to verify the email address you used during registration. Go to your Sporcle Settings to finish the process.

Report this User

Report this user for behavior that violates our Community Guidelines.

Details: